000 00667cam a2200181 a 4500
001 000002608
005 20200929150225.0
008 750403s1971 mx 000 0 spa
040 _aDO-SdBNP
_bspa
_cBNPHU
082 _aPR861.4409
_bA277b
100 1 _aAgrait, Gustavo.
_98218
245 1 3 _aEl beatus ille en la poesía lírica del Siglo de Oro / :
_bGustavo Agrait.
260 _aMéxico, D. F. :
_bUniversitaria, Universidad de Puerto Rico,
_c1971.
300 _a212 p. ;
_c23 cm.
504 _a"Bibliografía esencial": p. 149-151.
650 4 _aPoesía puertorriqueña
_xHistoria y crítica
_98219
650 4 _aLiteratura puertorriqueña.
_xHistoria y crítica
_92838
999 _c2444
_d2444